| 000 | 00485nam a2200181Ia 4500 | ||
|---|---|---|---|
| 008 | 240925s9999 xx 000 0 und d | ||
| 020 | _a135289106 | ||
| 082 | _a005.133 DEI | ||
| 100 | _aDeitel , H.M | ||
| 245 | 0 | _aC++ How to Program | |
| 250 | _a2nd | ||
| 260 |
_aNew Jersey: _bPrintice- Hall Int. _c,1998. |
||
| 300 |
_ax,910p. _bNA _fOriginal |
||
| 500 | _aIncludes Index | ||
| 600 | _aComputer Science | ||
| 650 | _aComputer science, information & general works | ||
| 942 | _cBK | ||
| 999 |
_c4537 _d4537 |
||